Normal view
MARC view
Entry Personal Name
001 - CONTROL NUMBER
- control field: 79933
003 - CONTROL NUMBER IDENTIFIER
- control field: dpl
005 - DATE AND TIME OF LATEST TRANSACTION
- control field: 20250326125336.0
008 - FIXED-LENGTH DATA ELEMENTS
- fixed length control field: 250326|| aca||aabn | a|a d
040 ## - CATALOGING SOURCE
- Original cataloging agency: dpl
- Transcribing agency: dpl
100 ## - HEADING--PERSONAL NAME
- Personal name: Bhat, shripad
670 ## - SOURCE DATA FOUND
- Source citation: Work cat.: (dpl)210515: Bhat, shripad, Sanskrit sources of indian history volume-3;, 2015
